LEADER 00733nam a2200193 i 4500 001 000000169306 003 CaOOAMICUS 005 20080215000000.0 008 080215s1934 it u000 u ita u 013 $a146709 040 $aSeMil$bita 245 10$aPoemi italici e canzoni di Re Enzio. 250 $a5. edizione. 300 $aXIII, 243 p. 700 1 $aPascoli, Giovanni,$d<1855-1912>.$0(OLS)http://semarc/name/3304 773 0 $aPascoli, Giovanni <1855-1912>$tPoesie di Giovanni Pascoli.$dLivorno : Raffaello Giusti, 1926-1934.$g10$w()19183 850 $aSeMil 852 $aSeMil$W1$xVenegono$y1$m1B IV 48$j239344$B120261$CSeMilBibl$Z2$F131589 $81 996 $6245$aPoemi italici e canzoni di Re Enzio$9(OLS)http://semarc/title/242103 LEADER 01122nam a2200301 4500 001 000000349235 003 CaOOAMICUS 005 20220228155103.0 008 220126s1993 it 000 u ita r 020 $a88-04-34871-2 040 $aSeMil$bita 100 1 $aHikmet, Nazim,$d<1902-1963>.$0(OLS)http://semarc/name/42857 245 10$aPoesie d'amore /$cNazim Hikmet ; traduzione di Joyce Lussu. 250 $a3. ed 264 1$aMilano :$bA. Mondadori,$c1993. 300 $a213 p. ;$c22 cm 490 1 $aMondadori poesia 541 0 $aOmaggio card. Angelo Scola (1U IV 62) 700 1 $aLussu, Joyce.$0(OLS)http://semarc/name/42858 830 0$aMondadori poesia.$0(OLS)http://semarc/title/438772 850 $aSeMil 852 $aSeMil$W1$xVenegono$y1$m1U IV 62$j231940$B240294$CSeMilBibl$Z2$F240294 $81 941 1 $a6 961 $aOmaggio card. Angelo Scola 996 $6020$a88-04-34871-2$9(OLS)http://semarc/number/295141 996 $6245$aPoesie d'amore$9(OLS)http://semarc/title/145610 996 $6264$aMilano :$bA. Mondadori$9(OLS)http://semarc/publisher/30308